000 00266nam a2200097Ia 4500
008 220204s9999 xx 000 0 und d
082 _a339.1
_bIND
245 0 _aMeeting of Advisory council on trade
260 _aNew delhi
_bMinistry of Foreign trade
_c1969
942 _cBK
999 _c22213
_d22213